Dynamics of Plates (Record no. 268035)

000 -LEADER
fixed length control field 00321 a2200133 4500
001 - CONTROL NUMBER
control field 32962
020 ## - INTERNATIONAL STANDARD BOOK NUMBER
International Standard Book Number 9788173192500
082 ## - DEWEY DECIMAL CLASSIFICATION NUMBER
Classification number 624.1776 RAO
090 ## - LOCALLY ASSIGNED LC-TYPE CALL NUMBER (OCLC); LOCAL CALL NUMBER (RLIN)
-- 22118
-- 22118
100 ## - MAIN ENTRY--PERSONAL NAME
Personal name J S Rao
245 ## - TITLE STATEMENT
Title Dynamics of Plates
Statement of responsibility, etc. J S Rao
260 ## - PUBLICATION, DISTRIBUTION, ETC.
Place of publication, distribution, etc. New Delhi
Name of publisher, distributor, etc. Narosa Publishing House
Date of publication, distribution, etc. 1999
300 ## - PHYSICAL DESCRIPTION
Extent xi 560 p
942 ## - ADDED ENTRY ELEMENTS (KOHA)
Institution code [OBSOLETE] NUST-CAE
Call number prefix 624.1776 RAO
Holdings
Withdrawn status Lost status Damaged status Not for loan Collection code Permanent Location Current Location Date acquired Total Checkouts Full call number Barcode Date last seen Price effective from Koha item type
          College of Aeronautical Engineering (CAE) College of Aeronautical Engineering (CAE) 04/03/2017   624.1776 RAO CAEN-2221 04/05/2017 04/05/2017 Book
© 2023 Central Library, National University of Sciences and Technology. All Rights Reserved.